000 00797nam2a2200229 4500
001 RU\NLR\BIBL_A\022118658
005 20250625125748.0
010 _a978-5-907779-02-0
035 _a(RuMoRGB)012450168
035 _a(NLR Aleph) 022118658
090 _a12800367
_c12800367
100 _a20240129d2023 |||y0rusy50 ca
101 0 _arus
102 _aRU
105 _ay z 000 y
200 1 _aВып.22
210 _d2023
_aБ. м.
461 0 _1001RU\NLR\BIBL_A\011690241
_12001#$aVITA$vВып. 22
_911333783
_cМосква
_d2017
_fредактор-составитель: Фаина Зименкова]
_nПорт приписки
_oлитературный альманах : [стихи и проза
_tVITA
_vВып. 22
852 _aNLR
_j2018-5/2775
942 _cBOOK
980 _aNB